Reinforced concrete design charts for beams and slabs in 30 grade concrete : a system of charts and tables for the selection of TorBar reinforcement for beams and slabs in 30 grade concrete designed in accordance with the Unified Code for Structural Concrete (CP 110: 1972) /

Bibliographic Details
Main Author: Brown, Douglas W.
Format: Book
Language:English
Published: South Wales : London : Fitzroy Computer Systems ; Alabaster Passmore & Sons [printer] : [1975]
Subjects:

MARC

Tag First Indicator Second Indicator Subfields
LEADER 00000cam a2200000 a 4500
001 in00000934813
005 20150925121932.0
008 810916s1975 enkad 00010 eng d
020 |a 0419116001 
035 |a (OCoLC)07763370 
035 |9 AES0375AM 
040 |a ONU  |c ONU  |d TXA  |d UtOrBLW 
049 |a TXAM  |c [A13401759] 
090 |a TA683.5.B3  |b B76 1975 
092 |a 624.18342  |b B877r 
100 1 |a Brown, Douglas W. 
245 1 0 |a Reinforced concrete design charts for beams and slabs in 30 grade concrete :  |b a system of charts and tables for the selection of TorBar reinforcement for beams and slabs in 30 grade concrete designed in accordance with the Unified Code for Structural Concrete (CP 110: 1972) /  |c by Douglas W. Brown. 
264 1 |a South Wales :  |b Fitzroy Computer Systems ;  |a London :  |b  Alabaster Passmore & Sons [printer] :  |c [1975] 
264 2 |a London :  |b E. & F.N. Spon [distributor], 
264 4 |c ©1975 
300 |a xv, 202 pages :  |b illustrations, charts ;  |c 21 x 30 cm. 
336 |a text  |b txt  |2 rdacontent 
337 |a unmediated  |b n  |2 rdamedia 
338 |a volume  |b nc  |2 rdacarrier 
504 |a Includes bibliographical references. 
650 0 |a Concrete beams  |x Design and construction. 
650 0 |a Concrete slabs  |x Design and construction. 
999 |a MARS 
999 f f |s 286efec7-e045-38e4-8cc6-fdf8c65f8080  |i b498454c-d108-307e-ad79-41db7be37a94  |t 0 
952 f f |p ric  |a Texas A&M University  |b Rellis Campus  |c Joint Library Facility  |d Remote Storage  |t 0  |e TA683.5.B3 B76 1975  |h Library of Congress classification  |i unmediated -- volume  |m A14813401759 
998 f f |a TA683.5.B3 B76 1975  |t 0  |l Remote Storage